000 00319nam a22000977a 4500
999 _c24780
_d24780
003 Nust
005 20170407113345.0
008 150421b xxu||||| |||| 00| 0 eng d
020 _a0071151508
_cAvailable
040 _aDLC
_bDLC
_cRCMS
082 _22nd, ed.
_a621.1022
100 _aYunus A. Cengel
245 _aHeat Transfer A Practical Approach
250 _a2nd ed.
260 _aAmerica
_bMcGraw-Hill Higher Education
_cc2003.
300 _axxvii, 932 p. :
_bill, ;
_c27 cm.
538 _iShelf # 12, Row # 3, System Engineering.
650 _aSystem Engineering
856 _3Table of Contents Only.
942 _2ddc
_cBK
_e2nd, ed.
_k621.4022 CEN